000 01287cad a22002415a 4500
001 L151539
008 070720s2009 xxk f 001 0 eng d
020 _a9780203864234
035 _a(Sirsi) u151539
041 0 _aeng
050 0 4 _a346.4102 $2 18
100 1 _aYoung, Max
245 0 0 _aUnderstanding contract law
_h[electronic resource]
260 _bRoutledge
_c2009
505 1 _aIntroduction -- Agreement and offer -- Acceptance -- Certainty -- Consideration -- Intention to create legal relations -- Variation of contracts -- Privity -- Terms of the contract -- Exemption clauses ? the common law - Unfair Contract Terms Act 1977 -- Misrepresentation -- Remedies for breach of contract.
520 _aOffers an introduction to the basic concepts of contract law in England. Built around familiar real-world examples that illustrate the concepts, principles and key cases upon which English contract law is structured, this guide is suitable for those approaching an undergraduate law degree, or for general readers interested in this area of the law.
590 _aKA
650 2 4 _aEBOOK
651 4 _aUnited Kingdom
_y
690 _aMANAGEMENT
856 4 8 _uhttps://www.vlebooks.com/
_zView on VLEbooks. Logins for members only from [email protected]
942 _n0
999 _c111430
_d111430